00569 2200205 4500001002100000005001700021008004100038035002400079090001500103100001600118245008500134250001100219260003800230300002300268650002300291850001500314980001300329985000600342999001500348YOGYA-0209000002403620090227023828.0 ind  0010-020900000024036 a355bYus D aYUSUF, Daud aDua pemikiran tentang pertahanan : keamanan dan strategi NasionalcDaoed Joesoef aCet. 1 aJakartabYayasan Proklamasic1973 axv, 140 hlmc22 cm aKetahanan Nasional aYOPDYOG(B) a23-01-07 a1 a06A0014120